[Event "Hoogovens"]
[Site "Wijk aan Zee"]
[Date "1999.01.19"]
[Round "3"]
[White "Van Wely, Loek"]
[Black "Ivanchuk, Vassily"]
[Result "1/2-1/2"]
[WhiteElo "2636"]
[BlackElo "2714"]

1.d4 Nf6 2.Nf3 g6 3.c4 Bg7 4.Nc3 O-O 5.e4 d6 6.Be2 e5 7.O-O Nc6 8.d5 Ne7
9.b4 a5 10.Ba3 Nd7 11.bxa5 Rxa5 12.Bb4 Ra8 13.a4 Bh6 14.a5 f5 15.Bd3 Kh8
16.Nd2 Ng8 17.Re1 Rf7 18.Nb5 Ra6 19.Qc2 Ndf6 20.c5 fxe4 21.Bxe4 Bd7 22.Nc3 Bf5
23.Bxf5 gxf5 24.Nc4 Ne7 25.cxd6 cxd6 26.Nb5 Ne8 27.Red1 f4 28.Ra3 f3 29.Rxf3 Rxf3
30.gxf3 Qd7 31.Nbxd6 Nxd6 32.Bxd6 Rxd6 33.Nxd6 Qxd6 34.Qb2 Qg6+ 35.Kf1 Qf5
36.d6 Qxf3 37.Qxe5+ Bg7 38.dxe7 Qxd1+ 39.Kg2  1/2-1/2